00852nam a2200217 a 450000100060000000300080000600500170001400800410003103500190007204000350009104100080012608200260013410000230016024501460018326000780032930000470040750200810045450400290053565000300056470000400059483143BD-RjUL20240225104642.0240225s2019 bg a|||| m||| 00| 0 eng d a(BD-RjUL)83143 aBD-RjULbengcBD-RjULdBD-RjUL aeng 223a616.238bBAO 2019 aBARUA, UTTAM KUMAR aOMEGA-3 FATTY ACIDS SUPPLEMENTATION IN BRONCHIAL ASTHMA :bA RANDOMIZED CONTROL TRIAL /cUTTAM KUMAR BARUA6Supervisor : Kamal Krishna Biswas aRajshahi :bInstitute of Biological Sciences,University of Rajshahic2019 a[2], xiv, [1], 106 leaves :bill.;c29 cm. aThesis(Ph.D.)-- Institute of Biological Sciences,University of Rajshahi,2019 aReference : Leaves 77-99 aBronchial AsthmaxOmega-3 aBiswas, Kamal Krishna, Supervisor